[Event "Xtracon Chess Open 2018"]
[Site "Elsinore"]
[Date "2018.07.22"]
[Round "2"]
[White "Sundin, Sven-Ingvar"]
[Black "Naesborg, Jens-Ole"]
[Result "1-0"]
[WhiteElo "1567"]
[BlackElo "1866"]
[EventDate "2018.07.21"]
[WhiteFideId "1724517"]
[BlackFideId "1443577"]

1.e4 Nc6 2.Nf3 e5 3.Bb5 d6 4.O-O Bg4 5.c3 a6 6.Ba4 b5 7.Bc2 Qf6 8.d3 h6 9.
Nbd2 Be7 10.Re1 Qe6 11.Nf1 Nf6 12.Ng3 O-O 13.h3 Bh5 14.Nxh5 Nxh5 15.Bb3 
Qg6 16.Bd5 Na7 17.Bxa8 Rxa8 18.Kh2 f5 19.exf5 Qf6 20.g4 Rf8 21.d4 Qf7 22.
dxe5 dxe5 23.Nxe5 Qe8 24.Ng6 Rf7 25.gxh5 Nc6 26.Nxe7+ Rxe7 27.Rxe7 Nxe7 
28.Qg4 Qc6 29.Be3 Qd6+ 30.Bf4 Qb6 31.Be3 Qd6+ 32.Qf4 Qf6 33.Bd4 Qf7 34.Rg1
Nxf5 35.Be5 Qxh5 36.Bxc7 Nh4 37.Rg3 Nf5 38.Rd3 Qf7 39.Rd8+ Kh7 40.Ra8 g5 
41.Qe5 Ng7 42.Qe4+ Nf5 43.Be5 Qe6 44.Ra7+ Kg8 45.Qa8+ 1-0

[Event "Xtracon Chess Open 2018"]
[Site "Elsinore"]
[Date "2018.07.22"]
[Round "2"]
[White "Sandberg, Martin"]
[Black "Damm, Henrik"]
[Result "1-0"]
[WhiteElo "1865"]
[BlackElo "1567"]
[EventDate "2018.07.21"]
[WhiteFideId "1707159"]
[BlackFideId "1425013"]

1.d4 d5 2.Nc3 Nf6 3.Bf4 a6 4.Nf3 e6 5.e3 c5 6.Be2 Be7 7.Ne5 Nbd7 8.O-O O-O
9.h3 b5 10.Nc6 Qe8 11.Nxe7+ Qxe7 12.g4 b4 13.Nb1 Ne4 14.f3 Ng5 15.Kg2 h6 
16.c3 bxc3 17.Nxc3 c4 18.h4 Nh7 19.Rh1 f6 20.Qd2 Bb7 21.Rag1 e5 22.dxe5 
Qc5 23.Qd4 fxe5 24.Bxe5 Qe7 25.Bg3 Ndf6 26.f4 Qxe3 27.Qxe3 d4+ 28.Bf3 
Bxf3+ 29.Qxf3 dxc3 1-0

[Event "Xtracon Chess Open 2018"]
[Site "Elsinore"]
[Date "2018.07.22"]
[Round "2"]
[White "Lunde, Sigmund"]
[Black "Starup, Leo"]
[Result "1-0"]
[WhiteElo "1863"]
[BlackElo "1562"]
[EventDate "2018.07.21"]
[WhiteFideId "1511351"]
[BlackFideId "1422669"]

1.e4 e6 2.d4 d5 3.Nd2 dxe4 4.Nxe4 Bd7 5.Nf3 Bc6 6.Bd3 Nd7 7.O-O Be7 8.c4 
Ngf6 9.Nc3 Nb6 10.Be2 Bxf3 11.Bxf3 c6 12.b3 O-O 13.Be3 Rc8 14.Qe2 Re8 15.
Rfd1 h6 16.Rd3 Qc7 17.Qd2 Nbd7 18.Rd1 Bb4 19.c5 Bxc3 20.Rxc3 Nd5 21.Bxd5 
exd5 22.Bf4 Qd8 23.Bxh6 gxh6 24.Qxh6 Re6 25.Rg3+ Rg6 26.Rxg6+ fxg6 27.
Qxg6+ Kf8 28.Qh6+ Kf7 29.Qh7+ Kf8 30.Rd3 Nf6 31.Qh6+ Kf7 32.Rg3 Qh8 33.
Qg6+ Ke7 34.Re3+ Kd7 35.Qf7+ Kd8 36.Qe7# 1-0

[Event "Xtracon Chess Open 2018"]
[Site "Elsinore"]
[Date "2018.07.22"]
[Round "2"]
[White "Gabrielsen, Rasmus Arvola"]
[Black "Hjornevik, Knut J"]
[Result "0-1"]
[WhiteElo "1546"]
[BlackElo "1860"]
[EventDate "2018.07.21"]
[WhiteFideId "1531190"]
[BlackFideId "1505157"]

1.e4 e6 2.d4 d5 3.Nd2 Nf6 4.e5 Nfd7 5.Bd3 c5 6.c3 Nc6 7.Ne2 cxd4 8.cxd4 f6
9.exf6 Nxf6 10.O-O Bd6 11.Nf3 O-O 12.h3 Nh5 13.Be3 Rxf3 14.gxf3 Qh4 15.Kg2
e5 16.Rh1 Be6 17.Qd2 h6 18.Ng3 exd4 19.Nxh5 dxe3 20.Qxe3 Re8 21.Ng3 Bf4 
22.Qe2 Bxg3 23.fxg3 Bxh3+ 24.Rxh3 Rxe2+ 25.Bxe2 Qf6 26.Rb1 Nd4 27.Re1 Qe6 
28.Rhh1 Nc2 29.b3 Nxe1+ 30.Rxe1 a6 31.g4 Qe5 32.Kf1 Qb2 33.Bd3 Kf7 34.Bf5 
Kf6 35.Be6 d4 36.Bc4 b5 37.Bd5 Kg5 38.Re2 Qc1+ 39.Kf2 Qc7 40.Kg2 d3 41.Rf2
Kf4 42.Be4 Qc3 43.Bxd3 Qxd3 44.Kh3 b4 45.Kg2 Qe3 46.Rf1 Qe2+ 47.Rf2 Qe1 
48.Rf1 Qxf1+ 49.Kxf1 Kxf3 50.Ke1 Kxg4 51.Kd2 h5 52.Kd3 h4 53.Kc4 h3 54.
Kxb4 h2 0-1

[Event "Xtracon Chess Open 2018"]
[Site "Elsinore"]
[Date "2018.07.22"]
[Round "2"]
[White "Berg, Margar M."]
[Black "Narheim, Mats"]
[Result "1-0"]
[WhiteElo "1859"]
[BlackElo "1544"]
[EventDate "2018.07.21"]
[WhiteFideId "7200021"]
[BlackFideId "1518607"]

1.d4 Nf6 2.Bg5 d6 3.Nc3 g6 4.Qd2 Bg7 5.Bh6 O-O 6.Bxg7 Kxg7 7.O-O-O Bd7 8.
f3 b5 9.e4 b4 10.Nce2 a5 11.g4 Na6 12.h4 a4 13.e5 Ng8 14.h5 b3 15.a3 bxc2 
16.Kxc2 c5 17.hxg6 fxg6 18.exd6 exd6 19.dxc5 Nxc5 20.Qxd6 Rc8 21.Nc3 Rc6 
22.Qd4+ Nf6 23.Bc4 Nb3 24.Bxb3 axb3+ 25.Kc1 Kg8 26.g5 Nh5 27.Qxd7 Qxg5+ 
28.Qd2 Qf6 29.Qd5+ 1-0

[Event "Xtracon Chess Open 2018"]
[Site "Elsinore"]
[Date "2018.07.22"]
[Round "2"]
[White "Kopperberg, Steen"]
[Black "Gaure, Sigurd Lauvas"]
[Result "1-0"]
[WhiteElo "1856"]
[BlackElo "1535"]
[EventDate "2018.07.21"]
[WhiteFideId "1433768"]
[BlackFideId "1524933"]

1.d4 Nf6 2.Nf3 g6 3.Bg5 Bg7 4.Nbd2 d5 5.e3 O-O 6.Bd3 Nbd7 7.c3 c5 8.O-O c4
9.Bc2 b5 10.e4 dxe4 11.Nxe4 Bb7 12.Re1 Re8 13.h3 Qc7 14.a4 bxa4 15.Bxf6 
Nxf6 16.Rxa4 Bd5 17.Nc5 Nd7 18.Nxd7 Qxd7 19.Be4 Rab8 20.Bxd5 Qxd5 21.Rxa7 
e5 22.dxe5 Qxd1 23.Rxd1 Rxb2 24.Rdd7 Bxe5 25.Nxe5 Rxe5 26.Rxf7 Re1+ 27.Kh2
Ree2 28.Rg7+ Kh8 29.Rxh7+ Kg8 30.Rhg7+ Kh8 31.Rxg6 Rxf2 32.Rg4 Rb4 33.cxb4
Rc2 34.Ra5 c3 35.Rh5# 1-0

[Event "Xtracon Chess Open 2018"]
[Site "Elsinore"]
[Date "2018.07.22"]
[Round "2"]
[White "Joensen, Sigurd"]
[Black "Pedersen, Lars Wisler"]
[Result "0-1"]
[WhiteElo "1515"]
[BlackElo "1856"]
[EventDate "2018.07.21"]
[WhiteFideId "7200935"]
[BlackFideId "1417045"]

1.e4 c5 2.Nf3 Nc6 3.c3 d5 4.exd5 Qxd5 5.d3 Bg4 6.Be2 Nf6 7.h3 Bh5 8.Be3 e5
9.O-O Be7 10.Ne1 Bxe2 11.Qxe2 O-O 12.Nd2 Rad8 13.c4 Qd6 14.a3 Nd4 15.Bxd4 
exd4 16.Ne4 Nxe4 17.Qxe4 b6 18.Nf3 Bf6 19.Rfe1 Qd7 20.Qf4 Rde8 21.Kf1 Bd8 
22.b3 Bc7 23.Qd2 Qf5 24.a4 Bf4 25.Qc2 g5 26.Rxe8 Rxe8 27.Re1 Rxe1+ 28.Kxe1
g4 29.Ng1 h5 30.Qe2 Bh2 31.hxg4 hxg4 32.Kf1 Qg5 33.Qd1 f5 34.g3 f4 35.Kg2 
Bxg1 36.Kxg1 f3 37.Qe1 Qg6 38.Kh1 Kf7 39.Qe5 Qxd3 40.Qf4+ Ke7 41.Qg5+ Ke8 
42.Qg8+ Ke7 43.Qg7+ Kd8 44.Qf8+ Kc7 45.Qe7+ Kb8 46.Qd8+ Kb7 47.Qd7+ Ka6 
48.Qc8+ Ka5 0-1

[Event "Xtracon Chess Open 2018"]
[Site "Elsinore"]
[Date "2018.07.22"]
[Round "2"]
[White "Amin, Idris"]
[Black "O`gorman, Brian"]
[Result "1-0"]
[WhiteElo "1855"]
[BlackElo "1514"]
[EventDate "2018.07.21"]
[WhiteFideId "1746022"]
[BlackFideId "2509601"]

1.d4 d5 2.Bf4 Bf5 3.e3 e6 4.c3 Nf6 5.Qb3 Qc8 6.Be2 c5 7.Nf3 Nc6 8.Nbd2 Nh5
9.Bg5 cxd4 10.Nxd4 Nf6 11.Nxf5 exf5 12.Bxf6 gxf6 13.Qxd5 Qd7 14.Qb3 O-O-O 
15.O-O-O Qe6 16.Bc4 Qe7 17.Bxf7 Ne5 18.Be6+ Kb8 19.Bxf5 Rd6 20.Nc4 Nxc4 
21.Qxc4 Rc6 22.Qf4+ Qe5 23.Rd8+ Kc7 24.Rc8+ Kb6 25.Rxc6+ Kxc6 26.Qa4+ Kb6 
27.Be4 Bc5 28.Qb3+ Kc7 29.Qxb7+ Kd6 30.Rd1+ Ke6 31.Qd7# 1-0

[Event "Xtracon Chess Open 2018"]
[Site "Elsinore"]
[Date "2018.07.22"]
[Round "2"]
[White "Kharraziha, Hamid"]
[Black "Ufnarovski, Victor"]
[Result "1-0"]
[WhiteElo "1502"]
[BlackElo "1854"]
[EventDate "2018.07.21"]
[WhiteFideId "1726862"]
[BlackFideId "1743856"]

1.e4 c6 2.d4 d5 3.Nc3 dxe4 4.Nxe4 Bf5 5.Bd3 Qxd4 6.Nf3 Qd8 7.Qe2 Nf6 8.O-O
Nxe4 9.Bxe4 Bxe4 10.Qxe4 Qd5 11.Qb4 c5 12.Qc3 Nd7 13.Be3 f6 14.Rfd1 Qc6 
15.Rd2 e6 16.Rad1 Nb6 17.Rd3 Nd5 18.Qd2 Be7 19.c4 Nxe3 20.fxe3 O-O 21.Rd7 
Rfd8 22.Kf2 Kf8 23.h4 Rxd7 24.Qxd7 Qxd7 25.Rxd7 Rb8 26.e4 Ke8 27.Rd3 Rd8 
28.Ke3 Rxd3+ 29.Kxd3 Bd6 30.g4 Bg3 31.g5 f5 32.e5 g6 33.Kc3 Kd7 34.Kb3 Kc6
35.Ka4 b5+ 36.cxb5+ Kd5 37.Kb3 Bxe5 38.Nxe5 Kxe5 39.Kc2 Kd6 40.a4 e5 41.a5
Kc7 42.b3 e4 43.Kd2 f4 44.Ke2 Kd6 45.Kf2 Kc7 46.Ke2 Kd7 47.Kf2 Kd6 48.Ke2 
Kd5 49.a6 c4 50.b6 axb6 51.a7 cxb3 52.a8=Q+ Kc4 53.Qa4+ Kc3 54.Qxe4 b2 55.
Qb1 1-0

[Event "Xtracon Chess Open 2018"]
[Site "Elsinore"]
[Date "2018.07.22"]
[Round "2"]
[White "Hina, Ariza"]
[Black "Stam, Bart"]
[Result "1-0"]
[WhiteElo "1483"]
[BlackElo "1845"]
[EventDate "2018.07.21"]
[WhiteFideId "1525441"]
[BlackFideId "1006240"]

1.e4 c5 2.Nc3 Nc6 3.f4 d6 4.Nf3 Nf6 5.Bb5 a6 6.Bxc6+ bxc6 7.O-O e6 8.d3 
Be7 9.Qe1 a5 10.h3 Ba6 11.f5 exf5 12.exf5 O-O 13.g4 Nd5 14.Ne4 Nb4 15.Qf2 
c4 16.a3 Nd5 17.Rd1 cxd3 18.cxd3 Rb8 19.g5 Qb6 20.d4 Qb3 21.Re1 Rfe8 22.f6
Bf8 23.fxg7 Bxg7 24.Nxd6 Rxe1+ 25.Nxe1 Bxd4 26.Qxd4 Qg3+ 27.Ng2 Qxd6 28.
Bf4 Qd8 29.Bxb8 Qxb8 30.Rc1 Qb5 31.a4 Qe2 32.Rxc6 1-0

[Event "Xtracon Chess Open 2018"]
[Site "Elsinore"]
[Date "2018.07.22"]
[Round "2"]
[White "Agustsson, Hafsteinn"]
[Black "Stromhaug, Kristoffer Wang"]
[Result "1-0"]
[WhiteElo "1844"]
[BlackElo "1502"]
[EventDate "2018.07.21"]
[WhiteFideId "2302047"]
[BlackFideId "1533401"]

1.e4 d5 2.exd5 Qxd5 3.Nc3 Qa5 4.d4 Nf6 5.Bd2 c6 6.Nf3 Bf5 7.Bc4 e6 8.O-O 
Qc7 9.Ne5 Qb6 10.Nf3 Qxb2 11.Rb1 Qxc2 12.Qxc2 Bxc2 13.Rxb7 Bd6 14.Ne5 Bxe5
15.dxe5 Nfd7 16.Rc1 Bg6 17.Nb5 cxb5 18.Bxb5 O-O 19.Bxd7 Be4 20.Rbc7 Rd8 
21.Bb5 h6 22.Rc8 Rxc8 23.Rxc8+ Kh7 24.Ba5 a6 25.Be8 Bb7 26.Rc7 Bd5 27.a3 
Be4 28.f3 Bd5 29.Kf2 1-0

[Event "Xtracon Chess Open 2018"]
[Site "Elsinore"]
[Date "2018.07.22"]
[Round "2"]
[White "Sjol, Henrik"]
[Black "Jensen, Jonbert M. S."]
[Result "0-1"]
[WhiteElo "1841"]
[BlackElo "1481"]
[EventDate "2018.07.21"]
[WhiteFideId "1505629"]
[BlackFideId "1435914"]

1.d4 d5 2.Bf4 e6 3.e3 Bd6 4.Bg3 Bxg3 5.hxg3 Nf6 6.Nd2 b6 7.c3 Bb7 8.Ngf3 
Qe7 9.Ne5 c6 10.Qa4 O-O 11.Bd3 g6 12.Qd1 Nbd7 13.f4 c5 14.Ndf3 cxd4 15.
exd4 a5 16.Ng5 Kg7 17.Qe2 h6 18.Ngf3 Nxe5 19.Nxe5 Ne4 20.Rh3 f6 21.Nf3 
Rae8 22.O-O-O Rh8 23.Rdh1 a4 24.Nd2 f5 25.Bxe4 dxe4 26.Qb5 Qc7 27.Nc4 Bc6 
28.Qxb6 Qxb6 29.Nxb6 Rb8 30.Nc4 Bd5 31.Nd2 Bxa2 32.Nf1 Rbc8 33.Ne3 a3 34.
Re1 axb2+ 35.Kxb2 Bd5 36.Rhh1 Rb8+ 37.Kc2 Rb7 38.Rb1 Rhb8 39.Rxb7+ Rxb7 
40.Ra1 Kf6 41.Ra6 Bb3+ 42.Kd2 Kf7 43.c4 Rb4 44.Kc3 Ra4 45.Rxa4 Bxa4 46.Kb4
Be8 47.Kc5 Ke7 48.Kb6 Bd7 49.Kc7 Ba4 50.c5 g5 51.Kb7 Kd7 52.Nc4 Bc6+ 53.
Kb6 Bd5 54.Ne5+ Kc8 55.c6 e3 56.Nd3 Bxg2 57.Ne1 Bd5 58.fxg5 hxg5 59.Kc5 f4
60.gxf4 gxf4 61.Kb4 f3 62.Nxf3 Bxf3 63.Kc3 e2 64.Kd2 Kc7 65.Ke1 Kxc6 66.
Kf2 Kd5 0-1

[Event "Xtracon Chess Open 2018"]
[Site "Elsinore"]
[Date "2018.07.22"]
[Round "2"]
[White "Jensen, Hans Askov"]
[Black "Matras, Ove"]
[Result "0-1"]
[WhiteElo "1473"]
[BlackElo "1839"]
[EventDate "2018.07.21"]
[WhiteFideId "1419889"]
[BlackFideId "1416790"]

1.e4 d5 2.exd5 Nf6 3.Bc4 Nxd5 4.Nf3 Bg4 5.O-O c6 6.Nc3 e6 7.h3 Bh5 8.d3 
Bd6 9.Ne4 Bc7 10.Ng3 Bg6 11.Re1 Nd7 12.Bg5 N7f6 13.Nh4 Qd6 14.Nxg6 hxg6 
15.Qf3 O-O 16.d4 Nb6 17.Bxf6 Nxc4 18.Be5 Nxe5 19.dxe5 Qc5 20.Qe4 Rad8 21.
b4 Qd5 22.c4 Qxe4 23.Rxe4 Rd2 24.f4 Rb2 25.c5 Rd8 26.Nf1 a5 27.a3 a4 28.
Kh2 Rd3 29.Re3 Rbb3 30.Rxd3 Rxd3 31.Ng3 f6 32.exf6 Bxf4 33.f7+ Kf8 34.Re1 
Bxg3+ 0-1

[Event "Xtracon Chess Open 2018"]
[Site "Elsinore"]
[Date "2018.07.22"]
[Round "2"]
[White "Kallenbach, Olav"]
[Black "Gade, Jens"]
[Result "1-0"]
[WhiteElo "1838"]
[BlackElo "1465"]
[EventDate "2018.07.21"]
[WhiteFideId "1414852"]
[BlackFideId "1416111"]

1.e4 c5 2.Nf3 d6 3.d4 cxd4 4.Nxd4 Nf6 5.Nc3 a6 6.Bg5 e6 7.f4 Be7 8.Qf3 Nc6
9.O-O-O Nxd4 10.Rxd4 Nd7 11.Bxe7 Qxe7 12.Bc4 b5 13.Bb3 Nc5 14.Rhd1 Bb7 15.
Rxd6 b4 16.Na4 Bxe4 17.Qe3 Nxb3+ 18.axb3 Bd5 19.Rb6 O-O 20.Rxd5 1-0

[Event "Xtracon Chess Open 2018"]
[Site "Elsinore"]
[Date "2018.07.22"]
[Round "2"]
[White "Ji, Jiahao Eric"]
[Black "Rasmussen, Morten"]
[Result "1-0"]
[WhiteElo "1463"]
[BlackElo "1837"]
[EventDate "2018.07.21"]
[WhiteFideId "1533371"]
[BlackFideId "1410865"]

1.e4 c5 2.Nf3 Nc6 3.d4 cxd4 4.Nxd4 e6 5.Nc3 Qc7 6.Be3 a6 7.Qf3 d6 8.O-O-O 
Nf6 9.Qg3 Ne5 10.f3 b5 11.Bxb5+ axb5 12.Ndxb5 Qc6 13.Nxd6+ Bxd6 14.Qxg7 
Rg8 15.Qxf6 Rxg2 16.Rxd6 Qxd6 17.Rd1 Qc7 18.Bg5 Rxg5 19.Qxg5 Ra5 20.Qg8+ 
Ke7 21.b4 Ra8 22.Nb5 Qb6 23.Qg5+ f6 24.Qg7+ Nf7 25.Nd6 Bd7 26.Qxf7+ Kd8 
27.Qf8+ Kc7 28.Qxa8 1-0

[Event "Xtracon Chess Open 2018"]
[Site "Elsinore"]
[Date "2018.07.22"]
[Round "2"]
[White "Satre, Roger"]
[Black "Stage, Mathias Juul"]
[Result "1-0"]
[WhiteElo "1834"]
[BlackElo "1447"]
[EventDate "2018.07.21"]
[WhiteFideId "1510320"]
[BlackFideId "1463306"]

1.d4 Nf6 2.Nf3 d5 3.c4 c6 4.Nc3 Bf5 5.Qb3 b6 6.Bg5 e6 7.e3 Nbd7 8.cxd5 
exd5 9.Rc1 Bd6 10.Be2 O-O 11.O-O h6 12.Bh4 b5 13.Rfd1 Nb6 14.Ne5 Bxe5 15.
dxe5 g5 16.exf6 gxh4 17.e4 Be6 18.e5 Kh8 19.Ne4 h3 20.Qe3 Kh7 21.Ng5+ hxg5
22.Qxg5 Rh8 23.Qg7# 1-0

[Event "Xtracon Chess Open 2018"]
[Site "Elsinore"]
[Date "2018.07.22"]
[Round "2"]
[White "Lye, Sverre"]
[Black "Pavlov, Mikhail"]
[Result "1/2-1/2"]
[WhiteElo "1405"]
[BlackElo "1830"]
[EventDate "2018.07.21"]
[WhiteFideId "1539353"]
[BlackFideId "44126573"]

1.e4 e6 2.d4 d5 3.e5 c5 4.c3 Qa5 5.Nd2 cxd4 6.Nb3 Qb6 7.cxd4 Nc6 8.Nf3 Bd7
9.Bd2 Nge7 10.Bd3 a5 11.Bc3 Ng6 12.g3 Nb4 13.Be2 a4 14.Nc1 a3 15.b3 Rc8 
16.Qd2 Nc2+ 17.Qxc2 Bb4 18.Bc4 dxc4 19.Bxb4 Qxb4+ 20.Ke2 cxb3 21.Qxb3 Bb5+
22.Nd3 Qxb3 23.axb3 Rc2+ 24.Ke3 Rc3 25.Rhd1 Ne7 26.Ne1 Nf5+ 27.Kd2 Rxb3 
28.Rdb1 Nxd4 29.Ke3 Nf5+ 30.Kd2 Nd4 31.Ke3 Nf5+ 32.Kd2 Rxb1 33.Rxb1 a2 34.
Ra1 Bc4 35.Kc3 b5 36.Nb4 Kd7 37.Nxa2 Ra8 38.Kb2 Kc7 39.Nc3 Rxa1 40.Kxa1 
Nd4 41.Ne4 h6 42.Nd6 f6 43.exf6 gxf6 44.Ne8+ Kc6 45.Nxf6 Be2 46.Kb2 
1/2-1/2

[Event "Xtracon Chess Open 2018"]
[Site "Elsinore"]
[Date "2018.07.22"]
[Round "2"]
[White "Syndergaard, Stig"]
[Black "Keymer, Cecilia"]
[Result "1/2-1/2"]
[WhiteElo "1830"]
[BlackElo "1380"]
[EventDate "2018.07.21"]
[WhiteFideId "1432435"]
[BlackFideId "16233468"]

1.Nf3 d5 2.c4 c6 3.b3 Nf6 4.g3 Bf5 5.Bg2 h6 6.O-O e6 7.Bb2 Be7 8.d3 O-O 9.
Nbd2 Nbd7 10.Re1 Bh7 11.Qc2 Rc8 12.e4 dxc4 13.Nxc4 Nb6 14.Nce5 Qc7 15.a4 
Nbd7 16.Qc4 Nb6 17.Qc3 a6 18.a5 Nbd7 19.Nxd7 Qxd7 20.Ne5 Qc7 21.Nc4 Rcd8 
22.Nb6 Rfe8 23.Rad1 Bf8 24.Qc4 Nd7 25.Bd4 e5 26.Nxd7 Rxd7 27.Bb6 Qb8 28.
Bh3 Rd6 29.Bc5 Rdd8 1/2-1/2

[Event "Xtracon Chess Open 2018"]
[Site "Elsinore"]
[Date "2018.07.22"]
[Round "2"]
[White "Tarakanov, Vladislav"]
[Black "Nesse, David"]
[Result "0-1"]
[WhiteElo "1380"]
[BlackElo "1825"]
[EventDate "2018.07.21"]
[WhiteFideId "54149010"]
[BlackFideId "1519875"]

1.e4 c5 2.Nf3 g6 3.d4 cxd4 4.Nxd4 Nc6 5.Be3 Nf6 6.Nc3 Bg7 7.Be2 O-O 8.O-O 
d5 9.Nxc6 bxc6 10.e5 Ne8 11.f4 f6 12.exf6 Bxf6 13.Bd4 Nd6 14.Bxf6 exf6 15.
Nxd5 cxd5 16.Qxd5+ Kg7 17.Rad1 Nb7 18.Qe4 Qb6+ 19.Kh1 Bf5 20.Qf3 Rad8 21.
Rde1 Nc5 22.Bc4 Rd4 23.Re7+ Kh8 24.b3 Ne4 25.g4 Nd2 26.Qh3 Be4+ 27.Rxe4 
Nxe4 28.Qh6 Rdd8 29.Bd3 Nf2+ 30.Kg2 Nxg4 0-1

[Event "Xtracon Chess Open 2018"]
[Site "Elsinore"]
[Date "2018.07.22"]
[Round "2"]
[White "Dishman, Matthew"]
[Black "Schouten, Ken Ronny"]
[Result "1-0"]
[WhiteElo "1820"]
[BlackElo "1309"]
[EventDate "2018.07.21"]
[WhiteFideId "438642"]
[BlackFideId "1533010"]

1.e4 d6 2.d4 Nf6 3.Nc3 g6 4.Nf3 Bg7 5.Be3 O-O 6.Qd2 Re8 7.O-O-O Nbd7 8.h3 
e5 9.dxe5 Nxe5 10.Nxe5 Rxe5 11.f3 a6 12.Bd4 Re8 13.Nd5 Be6 14.Nxf6+ Bxf6 
15.Bxf6 Qxf6 16.Qd4 Qxd4 17.Rxd4 Rad8 18.Bc4 c5 19.Bxe6 cxd4 20.Bd5 Re7 
21.Rd1 b6 22.Rxd4 Kg7 23.Rc4 Rb8 24.Rc6 Rd7 25.a4 a5 26.c4 Kf6 27.Kd2 Ke5 
28.Ke3 f5 29.f4+ Kf6 30.exf5 Kxf5 31.g4+ Kf6 32.Kd4 h6 33.b3 Ke7 34.Be4 
Kf6 35.Kd5 g5 36.f5 Ke7 37.Kd4 Kf6 38.Bd5 Ke7 39.Be6 Rdd8 40.Rc7+ Ke8 41.
Rh7 Kf8 42.Rxh6 Kg7 43.Rg6+ Kh7 44.Rxg5 Rh8 45.h4 Rb7 46.f6 Rbb8 47.Bf5+ 
Kh6 1-0

[Event "Xtracon Chess Open 2018"]
[Site "Elsinore"]
[Date "2018.07.22"]
[Round "2"]
[White "Jensen, Johannes Frank"]
[Black "Hafstad, Leif"]
[Result "0-1"]
[WhiteElo "1354"]
[BlackElo "1817"]
[EventDate "2018.07.21"]
[WhiteFideId "1457942"]
[BlackFideId "438030"]

1.d4 Nf6 2.Bg5 e6 3.Nc3 d5 4.Nf3 Nbd7 5.e3 c5 6.Bb5 a6 7.Bxd7+ Bxd7 8.O-O 
cxd4 9.Qxd4 Be7 10.Rad1 O-O 11.Qf4 Nh5 12.Qg4 Bxg5 13.Nxg5 Nf6 14.Qh4 h6 
15.Nf3 Qa5 16.Ne5 Bc6 17.h3 Rac8 18.Rd3 b5 19.a3 Ba8 20.b4 Qc7 21.Nf3 Ne4 
22.Nxe4 dxe4 23.Rd2 exf3 24.g3 Rcd8 25.Rfd1 Rxd2 26.Rxd2 Qc3 27.Rd8 Qe1+ 
28.Kh2 Qxf2+ 29.Kh1 Qg2# 0-1

[Event "Xtracon Chess Open 2018"]
[Site "Elsinore"]
[Date "2018.07.22"]
[Round "2"]
[White "Hansen, Simon L."]
[Black "Schnell, Andrea"]
[Result "1/2-1/2"]
[WhiteElo "1816"]
[BlackElo "1270"]
[EventDate "2018.07.21"]
[WhiteFideId "1446894"]
[BlackFideId "16208587"]

1.d4 c6 2.c4 Nf6 3.Nc3 d5 4.e3 Bf5 5.Nf3 Nbd7 6.Bd3 Bxd3 7.Qxd3 h6 8.O-O 
e6 9.a3 Bd6 10.b3 Bc7 11.e4 dxe4 12.Nxe4 Nxe4 13.Qxe4 Nf6 14.Qe2 O-O 15.
Bb2 Nh7 16.Rac1 Bf4 17.Rc3 Re8 18.Qe4 Qc7 19.g3 Bg5 20.Rd1 Bf6 21.Ne5 Ng5 
22.Qe2 Rad8 23.Rcd3 Bxe5 24.dxe5 c5 25.f4 Nh7 26.Rd6 Nf8 27.R1d3 Rd7 28.g4
Rxd6 29.exd6 Qc6 30.g5 hxg5 31.Qh5 Qe4 32.Qf3 Qxf3 33.Rxf3 Nh7 34.Rg3 f6 
35.b4 b6 36.bxc5 bxc5 37.fxg5 Nxg5 38.Rd3 Rd8 39.d7 Ne4 40.Kg2 Kf7 41.Kf3 
Ng5+ 42.Kf4 Ke7 43.h4 1/2-1/2

[Event "Xtracon Chess Open 2018"]
[Site "Elsinore"]
[Date "2018.07.22"]
[Round "2"]
[White "Thybo, Jan"]
[Black "Koellner, Felicitas Ophelia"]
[Result "0-1"]
[WhiteElo "1272"]
[BlackElo "1815"]
[EventDate "2018.07.21"]
[WhiteFideId "1438824"]
[BlackFideId "16207521"]

1.e4 d6 2.f4 e5 3.Nf3 exf4 4.d4 Nf6 5.Nc3 Be7 6.Bc4 c6 7.Bxf4 O-O 8.O-O 
Nbd7 9.h3 b5 10.Bd3 Bb7 11.Ne2 Qb6 12.c3 c5 13.Be3 c4 14.Bc2 Bxe4 15.Bxe4 
Nxe4 16.Qc2 d5 17.Nd2 Ndf6 18.Nxe4 Nxe4 19.Rf3 Rad8 20.Raf1 Rd6 21.Ng3 
Nxg3 22.Rxg3 Rf6 23.Bf4 Bd6 24.Bxd6 Qxd6 25.Rgf3 Rxf3 26.Rxf3 Re8 27.Qf2 
Qe6 28.Kh2 Qd6+ 29.Kg1 f6 30.Re3 Re7 31.Qe2 Kf8 32.Rxe7 Qxe7 33.Qxe7+ Kxe7
34.Kf2 Ke6 35.Kf3 a5 36.g4 f5 37.Kf4 fxg4 38.hxg4 h6 39.a3 Kf6 40.Kg3 Kg5 
41.Kf3 g6 42.Kg3 h5 43.gxh5 Kxh5 44.Kh3 Kg5 45.Kg3 Kf5 46.Kf3 g5 47.Kg3 g4
48.Kf2 Kf4 49.Kg2 g3 50.Kf1 Kf3 0-1

[Event "Xtracon Chess Open 2018"]
[Site "Elsinore"]
[Date "2018.07.22"]
[Round "2"]
[White "Nielsen, Kai Gylling"]
[Black "Ji, Jiabao Eivind"]
[Result "1-0"]
[WhiteElo "1813"]
[BlackElo "1250"]
[EventDate "2018.07.21"]
[WhiteFideId "1406400"]
[BlackFideId "1540882"]

1.e4 c5 2.Nf3 Nc6 3.d4 cxd4 4.Nxd4 Nf6 5.Nc3 e5 6.Nf3 h6 7.a3 Bc5 8.Bc4 
Bb6 9.O-O O-O 10.h3 d6 11.Qe2 Re8 12.Be3 Bc7 13.Rad1 Be6 14.b4 a6 15.Bc1 
Bxc4 16.Qxc4 Re6 17.Nd5 Nxd5 18.exd5 Rg6 19.dxc6 bxc6 20.Nxe5 Re6 21.Nxc6 
Qd7 22.Nd4 Re4 23.Qd3 d5 24.Nf3 Rd8 25.Rfe1 Re6 26.Bb2 Rg6 27.Ne5 Bxe5 28.
Rxe5 1-0

[Event "Xtracon Chess Open 2018"]
[Site "Elsinore"]
[Date "2018.07.22"]
[Round "2"]
[White "Nielsen, Bjorn"]
[Black "Kristian, Pade Frederiksen"]
[Result "0-1"]
[WhiteElo "1261"]
[BlackElo "1808"]
[EventDate "2018.07.21"]
[WhiteFideId "1416839"]
[BlackFideId "1435205"]

1.e4 e6 2.d4 d5 3.Nc3 Bb4 4.Bd2 Bxc3 5.Bxc3 dxe4 6.g3 Nf6 7.Bc4 Nd5 8.Qd2 
b6 9.Ne2 Bb7 10.O-O-O e3 11.Qd3 Nxc3 12.Nxc3 Bxh1 13.Rxh1 exf2 14.Rf1 O-O 
15.Rxf2 Nc6 16.Ne2 Qg5+ 17.Kb1 Rad8 18.c3 Ne7 19.Qc2 c5 20.Bd3 h6 21.Rf4 
Nd5 22.Rh4 e5 23.dxe5 Ne3 24.Qd2 c4 25.Rd4 cxd3 26.Rxd3 Qf5 27.a3 Rxd3 28.
Nd4 Qe4 29.Ka2 Rxd2 30.Kb3 Qd5+ 31.Ka4 Rxb2 32.e6 Qa5# 0-1

[Event "Xtracon Chess Open 2018"]
[Site "Elsinore"]
[Date "2018.07.22"]
[Round "2"]
[White "Rolstad, Morten"]
[Black "Tummasarson, Flovin M."]
[Result "1-0"]
[WhiteElo "1805"]
[BlackElo "1237"]
[EventDate "2018.07.21"]
[WhiteFideId "1525026"]
[BlackFideId "7202431"]

1.e4 e5 2.Nf3 Nc6 3.Bb5 Bc5 4.O-O Nd4 5.Nxd4 Bxd4 6.c3 Bb6 7.d4 c6 8.Ba4 
d6 9.f4 Nf6 10.fxe5 dxe5 11.Kh1 Nxe4 12.Qe2 Qh4 13.Bf4 f5 14.Bxe5 O-O 15.
Bb3+ Kh8 16.Nd2 Re8 17.Nxe4 fxe4 18.Rf7 Be6 19.Rxg7 Bxb3 20.Rg4+ 1-0

[Event "Xtracon Chess Open 2018"]
[Site "Elsinore"]
[Date "2018.07.22"]
[Round "2"]
[White "Larsen, Preben R."]
[Black "Hinrichs, Kurt"]
[Result "1-0"]
[WhiteElo "1803"]
[BlackElo "1223"]
[EventDate "2018.07.21"]
[WhiteFideId "1425790"]
[BlackFideId "12994057"]

1.e4 e6 2.d4 d5 3.Nc3 c6 4.e5 Ne7 5.Nf3 h6 6.Bd3 Nd7 7.Ne2 c5 8.c3 c4 9.
Bc2 b5 10.a4 bxa4 11.Bxa4 Nf5 12.Bc6 Rb8 13.Rxa7 Qb6 14.Qa4 Qd8 15.O-O Ne7
16.Bxd7+ Bxd7 17.Qc2 Nc6 18.Ra2 Be7 19.Be3 Bg5 20.Rfa1 Bxe3 21.fxe3 Ne7 
22.Ng3 Ng6 23.Nd2 O-O 24.e4 Qg5 25.Ndf1 Bb5 26.Qe2 f6 27.exf6 Rxf6 28.Qh5 
Qxh5 29.Nxh5 Rf7 30.Ra8 Rbf8 31.Rxf8+ Rxf8 32.Ra7 e5 33.Rxg7+ 1-0

[Event "Xtracon Chess Open 2018"]
[Site "Elsinore"]
[Date "2018.07.22"]
[Round "2"]
[White "Johansen, Paul Ivar"]
[Black "Ponomarev, Denis"]
[Result "0-1"]
[WhiteElo "1244"]
[BlackElo "1797"]
[EventDate "2018.07.21"]
[WhiteFideId "1508024"]
[BlackFideId "44136650"]

1.Nf3 Nf6 2.d4 g6 3.Bg5 Ne4 4.c4 d5 5.h3 Bg7 6.e3 c5 7.Nc3 Nxg5 8.Nxg5 h6 
9.Nf3 dxc4 10.Qa4+ Bd7 11.Qxc4 cxd4 12.exd4 O-O 13.O-O-O Nc6 14.g4 Rc8 15.
Qe2 Qb6 16.Nd5 Nb4+ 17.Nc3 Nxa2+ 18.Kb1 Nxc3+ 0-1

[Event "Xtracon Chess Open 2018"]
[Site "Elsinore"]
[Date "2018.07.22"]
[Round "2"]
[White "O`gorman, Pipa"]
[Black "Manz, Andreas"]
[Result "0-1"]
[WhiteElo "1231"]
[BlackElo "1791"]
[EventDate "2018.07.21"]
[WhiteFideId "45171637"]
[BlackFideId "24660108"]

1.d4 d5 2.Bf4 Nf6 3.e3 c5 4.c3 Nc6 5.Bd3 Qb6 6.Qc2 c4 7.Be2 Bf5 8.Qc1 e6 
9.Nf3 Ne4 10.Nbd2 Nd6 11.O-O Be7 12.Ne5 Rc8 13.Ndf3 Ne4 14.Rb1 Nf6 15.Ra1 
O-O 16.Nh4 Bg6 17.Nhxg6 hxg6 18.h4 Qd8 19.h5 Nxh5 20.Bxh5 gxh5 21.Qd1 g6 
22.Bh6 Re8 23.Qc2 Nxe5 24.dxe5 Bg5 25.Bxg5 Qxg5 26.e4 Qxe5 27.exd5 Qxd5 
28.Rad1 Qc6 29.b3 Red8 30.bxc4 Qxc4 31.Kh2 Rxd1 32.Rxd1 Qxc3 33.Qxc3 Rxc3 
34.Rd7 Ra3 35.Rxb7 Rxa2 36.Kg3 a5 37.Rb1 a4 38.f4 a3 39.Kh3 Rb2 40.Ra1 a2 
41.g3 Kg7 42.Kh4 Rh2+ 43.Kg5 f6# 0-1